Statistics for Countries Bordering at least 2 Fifa World Cup Winners

Click here to take the quiz!

General Stats

  • This quiz has been taken 350 times
  • The average score is 11 of 14

Answer Stats

#% Correct
3Brazil
95%
4France
95%
2Argentina
93%
2Uruguay
93%
2Belgium
85%
2Spain
85%
3Switzerland
84%
2Austria
82%
2Paraguay
82%
2Bolivia
78%
2Netherlands
78%
2Luxembourg
74%
2Andorra
73%
2Suriname
29%

Score Distribution

Percentile by Number Answered

Percent of People with Each Score

Your Score History

You have not taken this quiz